Saint-Louis (ville américaine) - Choix multiples - Statistiques

Statistiques générales
  • Ce quiz a été pris 8 fois
  • Le résultat moyen est 5 sur 10
Statistiques - réponses
Question Réponse % Correct
Laquelle de ces images représente la ville de Saint-Louis ?
88%
Quel pilote commanda l'avion baptisé le "Spirit of St. Louis" ? Charles Lindbergh
88%
Quel fleuve traverse Saint-Louis ? Le Mississippi
88%
Dans quel État des États-Unis d'Amérique se situe Saint-Louis ? Le Missouri
88%
Quel est le nom de l'immense statue équestre du Roi de France saint Louis, érigée à Saint-Louis, par le sculpteur américain Charles Henry Niehaus, en 1904 ? L'Apothéose de Saint-Louis
38%
Quel joueur de tennis, vainqueur de huit titres du Grand Chelem, est né à Belleville dans la banlieue de Saint-Louis et a grandi dans la ville ? Jimmy Connors
25%
Parmi les propositions suivantes, laquelle évoque une nouveauté des Jeux olympiques de Saint-Louis, organisés en 1904 ? Le format des trois médailles : or, argent et bronze
25%
Quel fort français situé à environ une heure de route au sud de Saint-Louis a été commandé le capitaine Saint Ange de 1764 à 1765 avant que ce dernier ne le cède aux Anglais et ne s'installe à Saint-Louis pour administrer la ville ? Le Fort de Chartres
25%
Quel pays administra Saint-Louis de 1770 à 1802 ? L'Espagne
25%
Quelle ville située à moins de 65 km au sud de Saint-Louis est le plus ancien village permanent de l'État et a conservé son charme architectural typiquement français ? Sainte-Geneviève
25%
Aucun quiz correspondant
Distribution des résultats
% des personnes avec chaque résultat
Percentile par nombre de réponses
Votre historique - résultats
Vous n’avez pas pris ce quiz